La construcción medieval de la memoria regia
সংরক্ষণ করুন:
| প্রধান লেখক: | , |
|---|---|
| বিন্যাস: | গ্রন্থ |
| ভাষা: | স্প্যানিশ |
| প্রকাশিত: |
Valencia, España
Publicaciones Universitat de Valéncia
2011
|
| বিষয়গুলি: | |
| ট্যাগগুলো: |
ট্যাগ যুক্ত করুন
কোনো ট্যাগ নেই, প্রথমজন হিসাবে ট্যাগ করুন!
|
MARC
| LEADER | 00000cam a2200000 a 4500 | ||
|---|---|---|---|
| 001 | UCE3788 | ||
| 003 | CL-VaPUC | ||
| 005 | 20211008114942.0 | ||
| 008 | 140925e20110000sp |||||||||||||||||spa|d | ||
| 999 | |c 356938 |d 356936 | ||
| 020 | |a 9788437081953 | ||
| 040 | |c Pontificia Universidad Católica de Valparaíso | ||
| 082 | 0 | 4 | |a 946.02 MAR 2011 |2 21 |
| 100 | |a Martínez Sopena, Pascual |e autor |9 576299 | ||
| 245 | 1 | 3 | |a La construcción medieval de la memoria regia |
| 260 | |a Valencia, España |b Publicaciones Universitat de Valéncia |c 2011 | ||
| 300 | |a 465 páginas | ||
| 583 | |a last modification |c 20140925 17:45:00 |k Rodrigo Vera | ||
| 650 | 0 | |a Monarquía |9 255259 | |
| 650 | 0 | |a Historia de España |9 315435 | |
| 700 | 0 | |a Rodríguez, Ana |e author |9 576300 | |
| 852 | |a BIBCUR | ||
| 942 | |c BK |2 ddc | ||
| 945 | |d 20140925 17:45:00 |a arojas | ||
| 952 | |0 0 |1 0 |2 ddc |3 erb |4 0 |6 946_020000000000000_MAR_2011 |7 0 |8 A |9 464729 |a BIBHIS |b BIBHIS |i 5115140 |o 946.02 MAR 2011 |p 5115140 |r 2025-01-20 |t 1 |w 2019-11-23 |y BK |z Catalogado en:20140925 |k HIS | ||